[Event "EU-chT Seniors 65"]
[Site "Swidnica"]
[Date "2023.07.16"]
[Round "5.2"]
[White "Jorgensen, Jorgen"]
[Black "Large, Peter G"]
[Result "0-1"]
[WhiteElo "2107"]
[BlackElo "2235"]
[PlyCount "128"]
[EventDate "2023.07.12"]
[EventType "team-swiss"]
[EventRounds "9"]
[EventCountry "POL"]
[SourceTitle "CBM 215 Extra"]
[Source "ChessBase"]
[SourceDate "2023.09.30"]
[SourceVersion "1"]
[SourceVersionDate "2023.09.30"]
[SourceQuality "1"]
[WhiteTeam "Denmark 65"]
[BlackTeam "England 65"]
[WhiteTeamCountry "DEN"]
[BlackTeamCountry "ENG"]

1. Nf3 Nf6 2. c4 b6 3. g3 Bb7 4. Bg2 c5 5. Nc3 e6 6. 0-0 a6 7. b3 Be7 8. Bb2 0-0 9. d4 cxd4 10. Nxd4 Bxg2 11. Kxg2 Qc7 12. e4 d6 13. Qe2 Nbd7 14. Rac1 Qb7 15. f3 Rac8 16. Rfd1 Rfe8 17. Nc2 Bf8 18. Ne3 Ne5 19. h4 Red8 20. Kh2 h5 21. Rc2 Rd7 22. Kg2 Rdc7 23. Rdc1 g6 24. Ncd1 Ned7 25. Nf2 Be7 26. Nd3 Bf8 27. Nf2 Bh6 28. Ba3 Nc5 29. Rd1 Bf8 30. Bb2 Ncd7 31. Nd3 Be7 32. Rcd2 Ne8 33. Nf2 Bf8 34. Nd3 Bg7 35. Bxg7 Kxg7 36. Nf2 b5 37. Qd3 Qb6 38. Qd4+ Qxd4 39. Rxd4 b4 40. R4d2 Nc5 41. Nd3 Nxd3 42. Rxd3 Kf8 43. Nc2 Rb8 44. Kf2 Ke7 45. a3 bxa3 46. Ra1 Rb6 47. Rxa3 Rc5 48. Rd1 Nc7 49. Rda1 f5 50. Re1 fxe4 51. fxe4 Rb8 52. Re3 Rc6 53. Rf3 Ne8 54. Ke3 Nf6 55. Kd4 Nd7 56. Kc3 Nc5 57. Re3 Rf8 58. b4 Nd7 59. Nd4 Rb6 60. Rf3 Rc8 61. Rf4 Ne5 62. c5 dxc5 63. bxc5 Rxc5+ 64. Kd2 Nc4+ 0-1

[Event "DEN-ch Seniors 65"]
[Site "Aalborg"]
[Date "2022.02.26"]
[Round "7"]
[White "Skovgaard, Tom"]
[Black "Jorgensen, Jorgen"]
[Result "1/2-1/2"]
[WhiteElo "1936"]
[BlackElo "2167"]
[PlyCount "22"]
[EventDate "2022.02.20"]
[EventType "swiss"]
[EventRounds "7"]
[EventCountry "DEN"]
[SourceTitle "EXT 2024"]
[Source "ChessBase"]
[SourceDate "2023.10.10"]
[SourceVersion "1"]
[SourceVersionDate "2023.10.10"]
[SourceQuality "1"]

1. e4 Nf6 2. e5 Nd5 3. d4 d6 4. c4 Nb6 5. exd6 exd6 6. Nc3 Be7 7. Be3 Nc6 8. Be2 0-0 9. Nf3 Bg4 10. b3 Re8 11. 0-0 h6 1/2-1/2

[Event "DEN-ch Seniors 65+"]
[Site "Logumkloster"]
[Date "2021.05.30"]
[Round "1"]
[White "Jorgensen, Jorgen"]
[Black "Jorgensen, Arne Bjorn"]
[Result "1-0"]
[WhiteElo "2157"]
[BlackElo "1945"]
[PlyCount "81"]
[EventDate "2021.05.30"]
[EventType "swiss"]
[EventRounds "7"]
[EventCountry "DEN"]
[SourceTitle "CBM 203 Extra"]
[Source "ChessBase"]
[SourceDate "2021.09.30"]
[SourceVersion "1"]
[SourceVersionDate "2021.09.30"]
[SourceQuality "1"]

1. Nf3 Nf6 2. c4 g6 3. Nc3 Bg7 4. e4 d6 5. d4 0-0 6. h3 c5 7. Be3 cxd4 8. Nxd4 Nc6 9. Be2 Bd7 10. 0-0 Nxd4 11. Bxd4 Bc6 12. Qd3 b6 13. Rad1 Rc8 14. f4 Qc7 15. e5 dxe5 16. fxe5 Nd7 17. e6 Nc5 18. exf7+ Rxf7 19. Qe3 Bxd4 20. Rxd4 Rxf1+ 21. Bxf1 e5 22. Rd1 Re8 23. b4 Ne6 24. Nd5 Bxd5 25. Rxd5 Nf4 26. Rd2 Qe7 27. a3 Qg5 28. Rd7 Re7 29. Rd8+ Kg7 30. Kh2 Rf7 31. Rd1 Re7 32. c5 bxc5 33. bxc5 Rc7 34. c6 Qe7 35. Bb5 a6 36. Ba4 Nh5 37. Rd5 Nf6 38. Rxe5 Qd6 39. Kh1 Rxc6 40. Bxc6 Qxc6 41. Qc5 1-0

[Event "DEN-ch Seniors 65"]
[Site "Logumkloster"]
[Date "2020.02.14"]
[Round "6"]
[White "Jorgensen, Jorgen"]
[Black "Norregaard, Claus"]
[Result "0-1"]
[WhiteElo "2186"]
[BlackElo "1941"]
[PlyCount "130"]
[EventDate "2020.02.09"]
[EventType "swiss"]
[EventRounds "7"]
[EventCountry "DEN"]
[SourceTitle "EXT 2021"]
[Source "ChessBase"]
[SourceDate "2020.10.23"]
[SourceVersion "1"]
[SourceVersionDate "2020.10.23"]
[SourceQuality "1"]

1. Nf3 Nf6 2. c4 c5 3. g3 g6 4. Bg2 Bg7 5. 0-0 0-0 6. Nc3 Nc6 7. d4 cxd4 8. Nxd4 Nxd4 9. Qxd4 d6 10. Qd3 Rb8 11. b3 Bd7 12. Bb2 Bc6 13. e4 Qa5 14. Rfd1 Ng4 15. h3 Ne5 16. Qd2 Rfe8 17. Kh2 Bd7 18. Rac1 Nc6 19. Qe2 Nd4 20. Qe3 Ne6 21. Rd5 Qd8 22. Rd2 Qa5 23. Nd5 Bxb2 24. Rxb2 Qc5 25. Qe2 Qd4 26. Rd2 Qg7 27. f4 Bc6 28. f5 Bxd5 29. Rxd5 Nc7 30. Rd2 Na6 31. Qf2 b6 32. f6 Qxf6 33. Qxf6 exf6 34. Rxd6 Nc5 35. Rxf6 Nxe4 36. Rf4 Nc5 37. Rcf1 f5 38. Bd5+ Kg7 39. R4f2 Re3 40. Rd1 Rbe8 41. Rdd2 Nd3 42. Rf3 Re2+ 43. Rxe2 Rxe2+ 44. Kg1 Nb4 45. a4 Rd2 46. Be6 Rd3 47. Kg2 Kf6 48. Bg8 h6 49. Rxd3 Nxd3 50. Kf3 Nc5 51. b4 Nxa4 52. Ke3 Ke5 53. h4 g5 54. hxg5 hxg5 55. Kd3 a5 56. c5 axb4 57. c6 Kd6 58. Bh7 Nc5+ 59. Kd4 f4 60. gxf4 gxf4 61. Bg8 Kxc6 62. Ke5 f3 63. Bd5+ Kb5 64. Bxf3 b3 65. Bh5 Kc4 0-1

[Event "DEN-ch Seniors 65"]
[Site "Logumkloster"]
[Date "2020.02.11"]
[Round "3"]
[White "Jorgensen, Jorgen"]
[Black "Olesen, Bent"]
[Result "1/2-1/2"]
[WhiteElo "2186"]
[BlackElo "1986"]
[PlyCount "156"]
[EventDate "2020.02.09"]
[EventType "swiss"]
[EventRounds "7"]
[EventCountry "DEN"]
[SourceTitle "EXT 2021"]
[Source "ChessBase"]
[SourceDate "2020.10.23"]
[SourceVersion "1"]
[SourceVersionDate "2020.10.23"]
[SourceQuality "1"]

1. Nf3 d5 2. g3 e6 3. Bg2 Bd6 4. d4 Nd7 5. 0-0 f5 6. c4 c6 7. Qc2 g6 8. Nc3 Ngf6 9. Ng5 Qe7 10. f3 0-0 11. e4 e5 12. dxe5 Nxe5 13. cxd5 cxd5 14. Nxd5 Nxd5 15. exd5 h6 16. Nh3 Kh7 17. Bd2 Bd7 18. Rfe1 Qf7 19. Qb3 b5 20. Nf4 Nc4 21. Bb4 Bxb4 22. Qxb4 Rfe8 23. b3 Ne3 24. Qd2 Nxg2 25. Kxg2 g5 26. Ne6 Bxe6 27. dxe6 Rxe6 28. Rxe6 Qxe6 29. Re1 Qf7 30. Re5 a6 31. Qd3 Rf8 32. g4 Qf6 33. Qxf5+ Qxf5 34. gxf5 Rc8 35. a4 bxa4 36. bxa4 Rc4 37. a5 Ra4 38. Rc5 Kg7 39. Kg3 h5 40. Kf2 Ra2+ 41. Ke3 Rxh2 42. Rc6 Ra2 43. Rxa6 h4 44. Rg6+ Kf7 45. a6 h3 46. Rxg5 Rxa6 47. Rh5 Ra4 48. Rxh3 Kf6 49. Rh5 Ra3+ 50. Kf4 Ra4+ 51. Kg3 Ra5 52. Kg4 Ra1 53. Rh6+ Kg7 54. Rb6 Ra7 55. Kg5 Rc7 56. f4 Ra7 57. Rg6+ Kf7 58. Rh6 Ra5 59. Rh7+ Kg8 60. Rb7 Ra1 61. Kg6 Rg1+ 62. Kf6 Rf1 63. Rb8+ Kh7 64. Kf7 Rxf4 65. f6 Rc4 66. Re8 Rc7+ 67. Re7 Rc8 68. Ra7 Rb8 69. Re7 Ra8 70. Rd7 Rb8 71. Rd5 Rb7+ 72. Ke6 Kg6 73. Rd6 Ra7 74. Rb6 Rf7 75. Ke5 Ra7 76. Rd6 Kf7 77. Rd5 Rb7 78. Kf5 Ra7 1/2-1/2

[Event "EU-chT Seniors 65"]
[Site "Walbrzych"]
[Date "2018.04.15"]
[Round "2.2"]
[White "Jorgensen, Jorgen"]
[Black "Scrimgour, Alan"]
[Result "1/2-1/2"]
[WhiteElo "2214"]
[BlackElo "2083"]
[PlyCount "60"]
[EventDate "2018.04.14"]
[EventType "team-swiss"]
[EventRounds "9"]
[EventCountry "POL"]
[SourceTitle "CBM 184 Extra"]
[Source "ChessBase"]
[SourceDate "2018.06.28"]
[SourceVersion "1"]
[SourceVersionDate "2018.06.28"]
[SourceQuality "1"]
[WhiteTeam "Denmark Norresundby 65"]
[BlackTeam "Scotland 65"]
[WhiteTeamCountry "DEN"]
[BlackTeamCountry "SCO"]

1. Nf3 Nf6 2. c4 e6 3. g3 b6 4. Bg2 Bb7 5. 0-0 Be7 6. b3 0-0 7. Bb2 c5 8. Nc3 d5 9. cxd5 Nxd5 10. Rc1 Bf6 11. Qc2 Nxc3 12. Bxc3 Nc6 13. Rfd1 Rc8 14. Qb2 Bxc3 15. dxc3 Qe7 16. h4 h6 17. Qc2 Rfd8 18. Rxd8+ Rxd8 19. Rd1 Rd6 20. Rxd6 Qxd6 21. Nd2 Qd7 22. Nc4 b5 23. Qd2 Qxd2 24. Nxd2 f5 25. f4 Kf8 26. e4 b4 27. cxb4 Nxb4 28. exf5 Bxg2 29. Kxg2 exf5 30. a3 Nc2 1/2-1/2

[Event "Wch Seniors 65 26th"]
[Site "Marianske Lazne"]
[Date "2016.11.23"]
[Round "5"]
[White "Bratus, Petr P"]
[Black "Jorgensen, Jorgen"]
[Result "0-1"]
[WhiteElo "2140"]
[BlackElo "2217"]
[PlyCount "152"]
[EventDate "2016.11.19"]
[EventType "swiss"]
[EventRounds "11"]
[EventCountry "CZE"]
[SourceTitle "CBM 175 Extra"]
[Source "ChessBase"]
[SourceDate "2016.12.12"]
[SourceVersion "1"]
[SourceVersionDate "2016.12.12"]
[SourceQuality "1"]

1. Nf3 f5 2. g3 Nf6 3. Bg2 d6 4. d4 g6 5. 0-0 Bg7 6. c4 0-0 7. Nc3 c6 8. Qc2 Na6 9. b3 Bd7 10. Bb2 Rb8 11. e4 Nb4 12. Qe2 fxe4 13. Nxe4 Nxe4 14. Qxe4 Bf5 15. Qe2 Qd7 16. Qd2 c5 17. Nh4 Bh3 18. Rfe1 Bxg2 19. Kxg2 Bf6 20. Re4 d5 21. cxd5 Qxd5 22. Rae1 Nc6 23. Nf3 Rbd8 24. h4 cxd4 25. g4 d3 26. Bxf6 exf6 27. R1e3 Rd6 28. Kh3 Rfd8 29. Ne1 f5 30. gxf5 Qxf5+ 31. Kg3 Rd4 32. f3 Rxe4 33. fxe4 Qe5+ 34. Kg2 Qf4 35. Nxd3 Qg4+ 36. Kf1 Qxh4 37. Qg2 Qf6+ 38. Qf2 Qc3 39. Ne1 Qa1 40. Kg2 Rf8 41. Qd2 Rd8 42. Qe2 Ne5 43. Qc2 Qd1 44. Qxd1 Rxd1 45. Nf3 Nxf3 46. Kxf3 Rf1+ 47. Kg4 Kf7 48. Rc3 Ke6 49. Rc7 Rf7 50. Rc5 Kd6 51. Rd5+ Ke6 52. Rc5 b6 53. Rb5 Rc7 54. b4 Rc4 55. Kf4 Kf6 56. a4 h6 57. a5 g5+ 58. Kf3 bxa5 59. Rxa5 Rxb4 60. Ra6+ Rb6 61. Rxa7 h5 62. Ra5 Kg6 63. Ra8 Rb3+ 64. Kf2 g4 65. Rg8+ Kf6 66. Rf8+ Kg5 67. Rf5+ Kh4 68. Kg2 Rb2+ 69. Kf1 g3 70. e5 Rb5 71. Kg2 Kg4 72. Rf8 Rxe5 73. Rg8+ Kh4 74. Rxg3 Re2+ 75. Kf1 Kxg3 76. Kxe2 Kg2 0-1

[Event "Aalborg Larsen Memorial"]
[Site "Aalborg"]
[Date "2016.10.16"]
[Round "2"]
[White "Norregaard, Claus"]
[Black "Jorgensen, Jorgen"]
[Result "1/2-1/2"]
[WhiteElo "1999"]
[BlackElo "2210"]
[PlyCount "64"]
[EventDate "2016.10.15"]
[EventType "swiss"]
[EventRounds "7"]
[EventCountry "DEN"]
[SourceTitle "CBM 175 Extra"]
[Source "ChessBase"]
[SourceDate "2016.12.12"]
[SourceVersion "1"]
[SourceVersionDate "2016.12.12"]
[SourceQuality "1"]

1. d4 f5 2. Nf3 g6 3. g3 Nf6 4. Bg2 Bg7 5. 0-0 0-0 6. c4 d6 7. Nc3 c6 8. Re1 Na6 9. e4 fxe4 10. Nxe4 Nxe4 11. Rxe4 Bf5 12. Re1 Qd7 13. Bf4 Rae8 14. Qd2 Nc7 15. Bh6 Bg4 16. Bxg7 Kxg7 17. Re3 Bxf3 18. Bxf3 Rf7 19. Qe2 Qf5 20. Re1 Qf6 21. d5 cxd5 22. cxd5 Qd4 23. Rd1 Qa4 24. Bg4 Qa5 25. Bd7 Rd8 26. Be6 Nxe6 27. Rxe6 Rd7 28. Re3 a6 29. Ra3 Qc5 30. Rc3 Qa5 31. Qc4 Qb6 32. Qd4+ Qxd4 1/2-1/2

[Event "DEN-ch Seniors 65+"]
[Site "Koge"]
[Date "2016.02.25"]
[Round "5"]
[White "Jorgensen, Jorgen"]
[Black "Sorensen, Bent"]
[Result "1/2-1/2"]
[WhiteElo "2172"]
[BlackElo "2145"]
[PlyCount "25"]
[EventDate "2016.02.21"]
[EventType "swiss"]
[EventRounds "7"]
[EventCountry "DEN"]
[SourceTitle "EXT 2018"]
[Source "ChessBase"]
[SourceDate "2017.10.13"]
[SourceVersion "1"]
[SourceVersionDate "2017.10.13"]
[SourceQuality "1"]

1. c4 e6 2. Nf3 Nf6 3. b3 d5 4. e3 b6 5. Bb2 Bb7 6. cxd5 exd5 7. Be2 Nbd7 8. 0-0 Bd6 9. d4 Qe7 10. Nc3 a6 11. Bd3 0-0 12. Bf5 Rfe8 13. Rc1 1/2-1/2

[Event "DEN-ch Seniors 65+"]
[Site "Koge"]
[Date "2016.02.24"]
[Round "4"]
[White "Olesen, Poul Erik Norgaard"]
[Black "Jorgensen, Jorgen"]
[Result "0-1"]
[WhiteElo "2018"]
[BlackElo "2172"]
[PlyCount "52"]
[EventDate "2016.02.21"]
[EventType "swiss"]
[EventRounds "7"]
[EventCountry "DEN"]
[SourceTitle "EXT 2018"]
[Source "ChessBase"]
[SourceDate "2017.10.13"]
[SourceVersion "1"]
[SourceVersionDate "2017.10.13"]
[SourceQuality "1"]

1. e4 Nf6 2. Nc3 d5 3. e5 Nfd7 4. d4 c5 5. e6 fxe6 6. Nf3 Nc6 7. Be2 g6 8. h4 Bg7 9. h5 cxd4 10. Nb5 e5 11. hxg6 hxg6 12. Rxh8+ Bxh8 13. Nh4 Nf8 14. Bh5 Qa5+ 15. Bd2 Qxb5 16. Nxg6 Nxg6 17. Bxg6+ Kd8 18. Qh5 Bf6 19. 0-0-0 Kc7 20. g4 Be6 21. g5 Rh8 22. Bh7 Bxg5 23. Bxg5 Qc4 24. Qg6 Bg4 25. Rg1 Bf3 26. Qg7 Rxh7 0-1

[Event "EU-chT Seniors"]
[Site "Vienna"]
[Date "2015.07.14"]
[Round "3.11"]
[White "Jorgensen, Jorgen"]
[Black "Scholes, James Edward"]
[Result "1-0"]
[WhiteElo "2218"]
[BlackElo "2090"]
[PlyCount "83"]
[EventDate "2015.07.12"]
[EventType "team-swiss"]
[EventRounds "9"]
[EventCountry "AUT"]
[SourceTitle "EXT 2018"]
[Source "ChessBase"]
[SourceDate "2017.10.13"]
[SourceVersion "1"]
[SourceVersionDate "2017.10.13"]
[SourceQuality "1"]
[WhiteTeam "Norresundby"]
[BlackTeam "England III"]
[WhiteTeamCountry "DEN"]
[BlackTeamCountry "ENG"]

1. Nf3 c5 2. c4 Nc6 3. d4 cxd4 4. Nxd4 g6 5. e4 Bg7 6. Be3 d6 7. Nc3 Nf6 8. Be2 a6 9. 0-0 Bd7 10. f3 0-0 11. Qd2 Rc8 12. Rac1 Re8 13. Rfd1 h5 14. Qe1 Ne5 15. Nd5 Bc6 16. Nxc6 Nxc6 17. Nb6 Rb8 18. c5 Nd7 19. Nxd7 Qxd7 20. b4 Qc7 21. cxd6 exd6 22. a4 Qe7 23. Qd2 Be5 24. b5 axb5 25. axb5 Nd8 26. f4 Bg7 27. Bf3 f5 28. Qxd6 Qxd6 29. Rxd6 fxe4 30. Be2 Kh7 31. Bc4 Re7 32. Rcd1 Rc8 33. Ba2 Rc3 34. Bf2 Rc2 35. Bb1 Rxf2 36. Kxf2 Ne6 37. g3 Nc5 38. R6d5 e3+ 39. Ke2 Ne4 40. Bxe4 Rxe4 41. Rd7 h4 42. Rxb7 1-0

[Event "DEN-ch Seniors 65"]
[Site "Randers"]
[Date "2015.02.13"]
[Round "7"]
[White "Jorgensen, Jorgen"]
[Black "Kolbak, Jens"]
[Result "1/2-1/2"]
[WhiteElo "2196"]
[BlackElo "2212"]
[PlyCount "78"]
[EventDate "2015.02.07"]
[EventType "swiss"]
[EventRounds "7"]
[EventCountry "DEN"]
[SourceTitle "EXT 2016"]
[Source "ChessBase"]
[SourceDate "2015.10.08"]
[SourceVersion "1"]
[SourceVersionDate "2015.10.08"]
[SourceQuality "1"]

1. Nf3 Nf6 2. g3 g6 3. Bg2 Bg7 4. c4 0-0 5. d4 d6 6. 0-0 Nbd7 7. Nc3 e5 8. e4 c6 9. h3 Re8 10. Be3 exd4 11. Nxd4 Nc5 12. Qc2 a5 13. Rfe1 Qc7 14. b3 Bd7 15. Rad1 Rad8 16. a3 h6 17. b4 axb4 18. axb4 Ne6 19. Nxe6 Bxe6 20. Na4 Nd7 21. Bd4 Bxd4 22. Rxd4 c5 23. bxc5 dxc5 24. Rdd1 Ne5 25. Nb2 Nc6 26. Nd3 Nd4 27. Qc1 Kh7 28. Nf4 Ra8 29. Nd5 Bxd5 30. cxd5 Ra4 31. e5 Rxe5 32. Rxe5 Qxe5 33. Qxc5 Kg7 34. Qb6 Qf6 35. d6 Ne2+ 36. Kh2 Rd4 37. Rf1 Rxd6 38. Qxb7 Rd2 39. Qf3 Qxf3 1/2-1/2

[Event "DEN-ch Seniors 65"]
[Site "Randers"]
[Date "2015.02.07"]
[Round "1"]
[White "Jorgensen, Jorgen"]
[Black "Pedersen, Kurt"]
[Result "1-0"]
[WhiteElo "2196"]
[BlackElo "1822"]
[PlyCount "59"]
[EventDate "2015.02.07"]
[EventType "swiss"]
[EventRounds "7"]
[EventCountry "DEN"]
[SourceTitle "EXT 2016"]
[Source "ChessBase"]
[SourceDate "2015.10.08"]
[SourceVersion "1"]
[SourceVersionDate "2015.10.08"]
[SourceQuality "1"]

1. Nf3 Nf6 2. c4 b6 3. g3 Bb7 4. Bg2 e6 5. 0-0 Be7 6. d4 0-0 7. Nc3 Ne4 8. Qc2 Nxc3 9. Qxc3 c5 10. dxc5 bxc5 11. Rd1 Nc6 12. Be3 Qc7 13. Rd2 Rfd8 14. Rad1 Bf6 15. Qc2 d6 16. Ng5 g6 17. Ne4 Bd4 18. Bg5 Nb4 19. Bxd8 Rxd8 20. Qb3 Nc6 21. e3 d5 22. cxd5 exd5 23. exd4 dxe4 24. dxc5 Rxd2 25. Rxd2 Ne5 26. Qe3 Nc4 27. Qf4 Qa5 28. Rd7 Qe1+ 29. Bf1 Ne5 30. Rd8+ 1-0

[Event "Aalborg Larsen Memorial"]
[Site "Aalborg"]
[Date "2014.10.18"]
[Round "6"]
[White "Jorgensen, Jorgen"]
[Black "Rooze, Jan"]
[Result "1-0"]
[WhiteElo "2177"]
[BlackElo "2341"]
[PlyCount "65"]
[EventDate "2014.10.13"]
[EventType "swiss"]
[EventRounds "7"]
[EventCountry "DEN"]
[SourceTitle "EXT 2015"]
[Source "ChessBase"]
[SourceDate "2014.11.20"]
[SourceVersion "1"]
[SourceVersionDate "2014.11.20"]
[SourceQuality "1"]

1. Nf3 Nf6 2. c4 c5 3. g3 Nc6 4. Nc3 d5 5. cxd5 Nxd5 6. Bg2 Nc7 7. d3 e5 8. Nd2 Bd7 9. Nc4 Be7 10. 0-0 f6 11. f4 b5 12. Ne3 exf4 13. gxf4 0-0 14. Ned5 Rb8 15. Nxc7 Qxc7 16. Nd5 Qd8 17. Be3 Bd6 18. Rc1 c4 19. dxc4 bxc4 20. Qd2 Qa5 21. Rfd1 Rfe8 22. Nxf6+ gxf6 23. Qxd6 Rxe3 24. Bd5+ Kg7 25. Kf2 Rxe2+ 26. Kf3 Bg4+ 27. Kxg4 Rbxb2 28. Qxc6 Qa3 29. Bf3 h5+ 30. Kf5 Rb5+ 31. Qxb5 Qxf3 32. Rg1+ Kh6 33. Rg6+ 1-0